[Event "Challenge"]
[Site "http://www.queenalice.com/game.php?id=690526"]
[Date "2009.11.29"]
[Round "-"]
[White "Melted"]
[Black "trapper"]
[Result "1-0"]
[WhiteElo "1823"]
[BlackElo "1500"]

1. d4 Nf6 2. Nc3 d5 3. Bf4 Bf5 4. e3 e6 5. Bd3 Bb4 6. Bxf5 exf5 7. Qd3 O-O 8.
Qxf5 Re8 9. Ne2 Qc8 10. Qxc8 Rxc8 11. a3 Bxc3+ 12. Nxc3 c6 13. f3 Nbd7 14. Kf2
Nb6 15. e4 dxe4 16. fxe4 h6 17. a4 a5 18. Rae1 Ng4+ 19. Kf3 Nf6 20. b3 g5 21.
Bd6 Ne8 22. Bg3 Rd8 23. h4 Rxd4 24. Bf2 Rad8 25. Nd5 R4xd5 26. Bxb6 Rd4 27. Bxd4
Rxd4 28. hxg5 hxg5 29. Rd1 Rxd1 30. Rxd1 Nf6 31. Rd8+ Kg7 32. Rb8 Kg6 33. Rxb7
g4+ 34. Kf4 g3 35. Rb6 1-0

[Event "Challenge"]
[Site "http://www.queenalice.com/game.php?id=690685"]
[Date "2009.11.30"]
[Round "-"]
[White "eduxarapov"]
[Black "trapper"]
[Result "0-1"]
[WhiteElo "1633"]
[BlackElo "1758"]

1. e4 e6 2. d4 d5 3. e5 c5 4. Nf3 Nc6 5. Bb5 Bd7 6. O-O a6 7. Bxc6 Bxc6 8. Ng5
Be7 9. Nxf7 Kxf7 10. Qf3+ Ke8 11. Qg4 g6 12. Qxe6 Qd7 13. Qxd7+ Bxd7 14. Nc3 Bc6
15. Re1 cxd4 16. Ne2 g5 17. Nxd4 g4 18. Ne6 Kd7 19. Ng7 h5 20. e6+ Kd8 21. Nf5
Nf6 22. Bg5 Rf8 23. Bh6 Rg8 24. Bf4 Ne4 25. Bc7+ Ke8 26. Nh6 Rg6 0-1

[Event "Challenge"]
[Site "http://www.queenalice.com/game.php?id=690961"]
[Date "2009.11.30"]
[Round "-"]
[White "GIARDL01"]
[Black "trapper"]
[Result "0-1"]
[WhiteElo "1312"]
[BlackElo "1713"]

1. d4 Nf6 2. Nf3 d5 3. b4 e6 4. Bg5 Bxb4+ 5. c3 Be7 6. e3 O-O 7. Bb5 c6 8. Ba4
Ne4 9. Bf4 b5 10. Bb3 Nd7 11. Bc2 f5 12. h4 h6 13. g3 Qa5 14. Bxe4 dxe4 15. Nfd2
Nf6 16. Be5 Ng4 17. Nb3 Qd8 18. N1d2 a5 19. a3 Qd5 20. c4 bxc4 21. Nc1 Ba6 22.
Bc7 Bd8 23. Bf4 e5 24. Bxe5 Nxe5 25. dxe5 Qxe5 26. Rb1 Bc7 27. f4 Qc3 28. Na2
Qxe3+ 29. Kf1 c3+ 30. Kg2 cxd2 31. Qb3+ Qxb3 32. Rxb3 Rab8 33. Rc3 Rb2 34. Rxc6
d1=Q+ 35. Rc2 Qxc2+ 36. Kh3 Qg2# 0-1

[Event "Challenge"]
[Site "http://www.queenalice.com/game.php?id=696123"]
[Date "2009.12.11"]
[Round "-"]
[White "trapper"]
[Black "McKubik"]
[Result "1-0"]
[WhiteElo "1530"]
[BlackElo "1285"]

1. d4 Nc6 2. Nf3 e5 3. dxe5 d6 4. exd6 Qxd6 5. Qxd6 cxd6 6. Bd2 Bf5 7. c3 Bxb1
8. Rxb1 Nf6 9. Bg5 Ng4 10. h3 Nh6 11. e3 Be7 12. Bd3 f6 13. Bxh6 gxh6 14. b4 d5
15. Bb5 O-O 16. Bxc6 bxc6 17. Nd4 c5 18. bxc5 Bxc5 19. Nf5 Rae8 20. Nxh6+ Kg7
21. Nf5+ Kf7 22. Rb5 Bxe3 23. Nxe3 Re5 24. Rxd5 Ree8 25. O-O Re4 26. Rd7+ Ke6
27. Rxh7 f5 28. Rxa7 f4 29. Ra6+ Kf7 30. Ng4 Rg8 31. Nh6+ Ke7 32. Nxg8+ Kf7 33.
Nh6+ Kg7 34. f3 Re3 35. Nf5+ Kf7 36. Nxe3 fxe3 37. Re1 Ke7 38. Rxe3+ Kd7 39. Re4
Kc7 40. Rh4 Kb7 41. Rg6 Ka7 42. Rh7+ Kb8 43. Rg8# 1-0

[Event "AUTO-INT-1554"]
[Site "http://www.queenalice.com/game.php?id=700837"]
[Date "2009.12.20"]
[Round "1"]
[White "McKubik"]
[Black "trapper"]
[Result "0-1"]
[WhiteElo "1261"]
[BlackElo "1569"]

1. e4 e6 2. Qh5 Nf6 3. Qe5 Nc6 4. Qc3 Nxe4 5. Qe3 Nf6 6. Nc3 Be7 7. d4 Nb4 8.
Qg3 Nxc2+ 9. Kd2 Nxa1 10. Qxg7 Rg8 11. Qh6 Rg6 12. Qf4 Rg4 13. Qh6 Rxd4+ 14. Ke2
Bf8 15. Qe3 Nc2 16. Qg5 h6 17. Qe5 c6 18. Nf3 Bd6 19. Qxd4 Nxd4+ 20. Nxd4 Ng8
21. Be3 b6 22. Ke1 Bb4 23. Bd2 Bxc3 24. Bxc3 Qc7 25. Be2 Bb7 26. g3 a6 27. Bh5
Qe5+ 28. Be2 Qd5 29. Bf3 Qxa2 30. Ne2 O-O-O 31. Nc1 Qc4 32. Be2 Qd5 33. Rf1 c5
34. h4 e5 35. Nd3 d6 36. Bg4+ Kb8 37. Nc1 a5 38. Rg1 Qe4+ 39. Kf1 Qxg4 40. Na2
Qc4+ 41. Ke1 Qxa2 42. f4 exf4 43. gxf4 Qb1+ 44. Kf2 Qc2+ 45. Ke3 Re8+ 46. Be5
dxe5 47. fxe5 Rxe5+ 48. Kf4 Qe4+ 49. Kg3 Qf3+ 50. Kh2 Re2+ 51. Rg2 Qxg2# 0-1

[Event "AUTO-INT-1554"]
[Site "http://www.queenalice.com/game.php?id=700838"]
[Date "2009.12.20"]
[Round "1"]
[White "trapper"]
[Black "McKubik"]
[Result "1-0"]
[WhiteElo "1462"]
[BlackElo "1266"]

1. d4 Nc6 2. c4 e5 3. d5 Na5 4. e4 Bb4+ 5. Nc3 Bxc3+ 6. bxc3 Qh4 7. Qf3 Nf6 8.
g3 Qxe4+ 9. Qxe4 Nxe4 10. Bd2 d6 11. Rd1 Bg4 12. f3 Nc5 13. fxg4 Ne6 14. dxe6
fxe6 15. Bd3 d5 16. cxd5 exd5 17. Nh3 O-O-O 18. O-O e4 19. Be2 Rd6 20. Be3 h6
21. Bxa7 Kd7 22. Rf7+ Kc6 23. Bd4 Rg8 24. Rxg7 Rxg7 25. Bxg7 e3 26. Nf4 b5 27.
Rb1 Nb7 28. Bxb5+ Kc5 29. Be2 Rg6 30. Nxg6 Nd6 31. Bd4+ 1-0

[Event "AUTO-INT-1554"]
[Site "http://www.queenalice.com/game.php?id=700853"]
[Date "2009.12.20"]
[Round "1"]
[White "trapper"]
[Black "ThiagoTanaka"]
[Result "1-0"]
[WhiteElo "1713"]
[BlackElo "1718"]

1. d4 c6 2. c4 d5 3. Nc3 Bf5 4. e3 Nf6 5. e4 dxe4 6. Be2 e5 7. dxe5 Qxd1+ 8.
Nxd1 Nfd7 9. Bf4 g5 10. Bxg5 Nxe5 11. Bf6 Nd3+ 12. Bxd3 exd3 13. Bxh8 1-0

[Event "AUTO-INT-1554"]
[Site "http://www.queenalice.com/game.php?id=700854"]
[Date "2009.12.20"]
[Round "1"]
[White "ThiagoTanaka"]
[Black "trapper"]
[Result "0-1"]
[WhiteElo "1734"]
[BlackElo "1786"]

1. d4 Nf6 2. c4 g6 3. Bf4 Bg7 4. Nf3 O-O 5. e3 d6 6. Nc3 Nbd7 7. Bd3 c6 8. O-O
Re8 9. b4 Nb6 10. c5 Nbd5 11. Nxd5 Nxd5 12. Qb3 Be6 13. Qb2 Nxf4 14. exf4 dxc5
15. bxc5 Qd5 16. Rfe1 Qxc5 17. dxc5 Bxb2 18. Rab1 Bf6 19. Rxb7 Red8 20. Be4 Bd5
21. Ne5 Bxe4 0-1

[Event "AUTO-INT-1554"]
[Site "http://www.queenalice.com/game.php?id=700855"]
[Date "2009.12.20"]
[Round "1"]
[White "trapper"]
[Black "skatista99"]
[Result "1-0"]
[WhiteElo "1661"]
[BlackElo "1629"]

1. d4 d5 2. c4 c5 3. dxc5 Qa5+ 4. Qd2 Qxc5 5. Qxd5 Qb4+ 6. Qd2 Qxc4 7. e3 Qg4 8.
Nc3 e5 9. Nd5 Be6 10. Nc7+ Ke7 11. h3 Qf5 12. Nxa8 Kf6 13. Nc7 Nc6 14. a3 a6 15.
g4 Qe4 16. f3 Qa4 17. g5+ Ke7 18. h4 Qa5 19. Nxe6 fxe6 20. Bd3 Qd5 21. Qc2 h6
22. gxh6 Nxh6 23. e4 Qd4 24. Bxa6 Kf7 25. Bxb7 Na5 26. Qc7+ Kg6 27. Qxa5 Bc5 28.
Nh3 Rd8 29. h5+ Kh7 30. Ng5+ Kg8 31. Qd2 1-0

[Event "AUTO-INT-1554"]
[Site "http://www.queenalice.com/game.php?id=700856"]
[Date "2009.12.20"]
[Round "1"]
[White "skatista99"]
[Black "trapper"]
[Result "0-1"]
[WhiteElo "1629"]
[BlackElo "1587"]

1. e4 e6 2. d4 d5 3. exd5 exd5 4. Nf3 c5 5. dxc5 Nc6 6. Nc3 Nf6 7. Bb5 Bxc5 8.
O-O O-O 9. Bg5 Be6 10. a3 Qd6 11. Bxf6 gxf6 12. Bd3 a6 13. b4 Bb6 14. Qd2 Ne5
15. Nxe5 Qxe5 16. Qh6 f5 17. Rfe1 Qxc3 18. Rad1 Rfe8 19. Re3 Bxe3 20. fxe3 a5
21. Rf1 Bc8 22. Rf3 Qe1+ 23. Bf1 Ra6 24. Rg3+ Rg6 25. Qh5 axb4 26. Rh3 bxa3 27.
Qxh7+ Kf8 28. Qh8+ Rg8 29. Qh6+ Ke7 0-1

[Event "AUTO-INT-1583"]
[Site "http://www.queenalice.com/game.php?id=716639"]
[Date "2010.1.19"]
[Round "1"]
[White "Edgard1995"]
[Black "trapper"]
[Result "1-0"]
[WhiteElo "1697"]
[BlackElo "1812"]

1. e4 e6 2. Nf3 d5 3. e5 c5 4. Bb5+ Bd7 5. Nc3 d4 6. Bxd7+ Qxd7 7. Ne4 Nc6 8. d3
h6 9. Bd2 b5 10. a3 Nge7 11. Nxc5 Qc8 12. O-O Nf5 13. Nb3 Qc7 14. Qe2 Be7 15. c3
O-O 16. cxd4 Qb6 17. h3 Rfd8 18. Bc3 Bg5 19. Nxg5 hxg5 20. Bd2 Nfxd4 21. Nxd4
Qxd4 22. Bxg5 Rd5 23. Rad1 Rxe5 24. Qh5 Qxb2 25. Qg4 1-0

[Event "AUTO-INT-1583"]
[Site "http://www.queenalice.com/game.php?id=716640"]
[Date "2010.1.19"]
[Round "1"]
[White "trapper"]
[Black "Edgard1995"]
[Result "1-0"]
[WhiteElo "1792"]
[BlackElo "1731"]

1. d4 d5 2. c4 dxc4 3. Nf3 Nf6 4. Nc3 Bf5 5. e4 Bg4 6. Bxc4 e6 7. Be2 h6 8. O-O
Bb4 9. a3 Be7 10. h3 Bxf3 11. Bxf3 O-O 12. Be3 c6 13. Qb3 Na6 14. Qxb7 Nc7 15.
e5 Nfd5 16. Bxd5 cxd5 17. Rfc1 Rb8 18. Qxa7 Rxb2 19. Nd1 Rb3 20. Rxc7 Bh4 21. g3
Bg5 22. f4 Bxf4 23. Bxf4 g5 24. Bd2 g4 25. Kg2 Rd3 26. Bxh6 Rd2+ 27. Bxd2 1-0

[Event "AUTO-INT-1583"]
[Site "http://www.queenalice.com/game.php?id=716651"]
[Date "2010.1.19"]
[Round "1"]
[White "trapper"]
[Black "JDZ"]
[Result "0-1"]
[WhiteElo "1786"]
[BlackElo "2277"]

1. d4 Nf6 2. c4 e6 3. Nc3 Bb4 4. e3 O-O 5. Bd3 d5 6. cxd5 exd5 7. Nf3 c5 8. O-O
c4 9. Be2 Bf5 10. a3 Bxc3 11. bxc3 Ne4 12. Bb2 Nc6 13. Ne5 Nxe5 14. dxe5 Qb6 15.
Qc1 Nc5 16. Qd2 Rfe8 0-1

[Event "AUTO-INT-1583"]
[Site "http://www.queenalice.com/game.php?id=716652"]
[Date "2010.1.19"]
[Round "1"]
[White "JDZ"]
[Black "trapper"]
[Result "1-0"]
[WhiteElo "2383"]
[BlackElo "1813"]

1. e4 e6 2. d4 d5 3. e5 c5 4. c3 Nc6 5. Nf3 Qb6 6. Be2 cxd4 7. cxd4 Nh6 8. b3
Nf5 9. Bb2 Bb4+ 10. Kf1 O-O 11. Nc3 Bxc3 12. Bxc3 f6 13. g4 Nfe7 14. exf6 Rxf6
15. Rg1 Rf4 16. Bd2 Rf8 17. Rc1 Ng6 18. Be3 Nf4 19. Qd2 Nxe2 20. Qxe2 Qd8 21.
Kg2 Qf6 22. Rgd1 Bd7 23. h3 Rac8 24. Bg5 Qf7 25. Bh4 b6 26. Bg3 Qg6 27. Bd6 Rf7
28. Qd3 Qf6 29. Qe3 h6 30. Rc3 a5 31. Rdc1 Qd8 32. R1c2 b5 33. Qc1 Na7 34. Ne5
Rxc3 35. Rxc3 Be8 36. Nxf7 Bxf7 37. Be5 1-0

[Event "Challenge"]
[Site "http://www.queenalice.com/game.php?id=753053"]
[Date "2010.3.28"]
[Round "-"]
[White "leoreis"]
[Black "trapper"]
[Result "0-1"]
[WhiteElo "1773"]
[BlackElo "1810"]

1. b3 e5 2. Bb2 Nc6 3. e4 d5 4. exd5 Qxd5 5. Nf3 Nf6 6. Bc4 Qe4+ 7. Be2 Bd6 8.
O-O Bd7 9. Nc3 Qf4 10. g3 Qh6 11. d3 O-O 12. Bc1 Qh3 13. Ng5 Qf5 14. g4 Nxg4 15.
Bxg4 Qxg4+ 16. Qxg4 Bxg4 17. Nge4 f5 18. Nxd6 cxd6 19. Ba3 Nd4 20. Rfc1 Rfc8 21.
Bb2 Rxc3 22. Bxc3 Ne2+ 23. Kg2 Nxc3 24. a4 Ne2 25. Re1 Nd4 26. Rec1 f4 27. b4
Rc8 28. Ra2 Bf5 29. c3 f3+ 0-1

[Event "Challenge"]
[Site "http://www.queenalice.com/game.php?id=772878"]
[Date "2010.5.8"]
[Round "-"]
[White "trapper"]
[Black "leoreis"]
[Result "1-0"]
[WhiteElo "1828"]
[BlackElo "1773"]

1. d4 d5 2. c4 e6 3. Nf3 Nc6 4. c5 Nf6 5. Bg5 h6 6. Bxf6 Qxf6 7. e3 a6 8. Be2 b6
9. O-O bxc5 10. Qc2 c4 11. Nc3 Bd6 12. e4 Nxd4 13. Nxd4 Qxd4 14. Rad1 Qe5 15. f4
Bc5+ 16. Kh1 Qd6 17. Bxc4 d4 18. e5 Qc6 19. Bb3 O-O 20. Ne4 1-0

[Event "AUTO-INT-1554"]
[Site "http://www.queenalice.com/game.php?id=773760"]
[Date "2010.5.10"]
[Round "2"]
[White "josa23"]
[Black "trapper"]
[Result "1-0"]
[WhiteElo "1937"]
[BlackElo "1845"]

1. e4 e6 2. Nc3 d5 3. exd5 exd5 4. d4 Bb4 5. Bd2 Nf6 6. Nf3 Nc6 7. Bb5 O-O 8.
O-O h6 9. Re1 Bxc3 10. Bxc3 Bg4 11. Be2 Re8 12. h3 Bxf3 13. Bxf3 Rxe1+ 14. Qxe1
Qd6 15. Qd2 a5 16. Re1 b5 17. b3 b4 18. Bb2 1-0

[Event "AUTO-INT-1554"]
[Site "http://www.queenalice.com/game.php?id=773761"]
[Date "2010.5.10"]
[Round "2"]
[White "trapper"]
[Black "josa23"]
[Result "0-1"]
[WhiteElo "1831"]
[BlackElo "1949"]

1. d4 d5 2. c4 Bf5 3. Nc3 e6 4. e3 Nf6 5. Nf3 Bb4 6. Qa4+ Nc6 7. Ne5 Bxc3+ 8.
bxc3 O-O 9. Nxc6 Qd7 10. cxd5 bxc6 11. dxc6 Qd6 12. Ba3 Qd5 13. Bxf8 Rxf8 14. f3
Rb8 15. Bc4 Qd8 16. O-O Bg6 17. Qxa7 h6 18. e4 Ra8 0-1

[Event "AUTO-INT-1554"]
[Site "http://www.queenalice.com/game.php?id=773764"]
[Date "2010.5.10"]
[Round "2"]
[White "trapper"]
[Black "Feijo"]
[Result "0-1"]
[WhiteElo "1819"]
[BlackElo "2149"]

1. d4 Nf6 2. c4 e6 3. Nc3 Bb4 4. Bg5 c5 5. e4 Qa5 6. Ne2 Nxe4 7. Bd2 Nxd2 8.
Qxd2 Nc6 9. Rd1 cxd4 10. Nxd4 Qe5+ 11. Be2 Nxd4 0-1

[Event "AUTO-INT-1554"]
[Site "http://www.queenalice.com/game.php?id=773765"]
[Date "2010.5.10"]
[Round "2"]
[White "Feijo"]
[Black "trapper"]
[Result "1-0"]
[WhiteElo "2151"]
[BlackElo "1816"]

1. e4 e6 2. b3 d5 3. Bb2 c5 4. Nc3 Nc6 5. Bb5 d4 6. Bxc6+ bxc6 7. Na4 Nf6 8. d3
Be7 9. Nf3 O-O 10. O-O Qc7 11. Nd2 Qf4 12. Nc4 1-0